Normal view MARC view

Entry Nombre personal

Number of records used in: 2

001 - NÚMERO DE CONTROL

  • campo de control: 18065

003 - IDENTIFICADOR DE NÚMERO DE CONTROL

  • campo de control: SpMaBN

005 - FECHA Y HORA DE LA ÚLTIMA TRANSACCIÓN

  • campo de control: 20230602125447.0

008 - ELEMENTOS DE DATO DE LONGITUD-FIJA

  • campo de control de longitud fija: 980601n| aijnnaabn |n aaa

016 ## - NÚMERO DE CONTROL DE UNA AGENCIA BIBLIOGRÁFICA NACIONAL

  • Número de control del registro: BNE19981817928

024 7# - IDENTIFICADOR DE OTROS ESTÁNDARES

  • Número estándar o código: http://viaf.org/viaf/86991427/
  • Fuente: viaf

024 7# - IDENTIFICADOR DE OTROS ESTÁNDARES

  • Número estándar o código: https://isni.org/isni/0000000060627594
  • Fuente: isni

040 ## - FUENTE DE CATALOGACIÓN

  • Centro catalogador/agencia de origen: SpMaBN
  • Lengua de catalogación: spa
  • Centro/agencia transcriptor: SpMaBN
  • Normas de descripción: rdc
  • Convención/Normas de encabezamiento de materia/tesauro: embne
  • Centro/agencia modificador: ES-MaACL

046 ## - FECHAS CON CODIFICACIÓN ESPECIAL

  • Fecha de nacimiento: 1966-05-19

100 1# - ENCABEZAMIENTO-NOMBRE DE PERSONA

  • Nombre de persona: Abellán García, Antonio,
  • Fechas asociadas al nombre: 1966-

372 ## - CAMPO DE ACTIVIDAD

  • Campo de actividad: Electrónica
  • Fuente del término: embne

374 ## - OCUPACIÓN

  • Ocupación: Profesores
  • Ocupación: Ingenieros
  • Fuente del término: embne

375 ## - GÉNERO/SEXO

  • Género: Masculino

377 ## - IDIOMA ASOCIADO

  • Término de lengua/lenguaje: Español

670 ## - FUENTE DE DATOS ENCONTRADOS

  • Cita de la fuente: Prácticas de electrónica, 1997;
  • Información encontrada: port. (Antonio Abellán García; Dpto. de Ingeniería Electrónica, Escuela Politécnica de Alcoy, Univ. Politécnica de Valencia)

670 ## - FUENTE DE DATOS ENCONTRADOS

  • Cita de la fuente: Llamada telefónica al autor, 1-6-1998;
  • Información encontrada: (Antonio Abellán García; n. 19-5-1966; prof. de ingeniería electrónica, Escuela Politécnica Superior de Alcoy)

670 ## - FUENTE DE DATOS ENCONTRADOS

  • Cita de la fuente: WWW Bn España aut., 2-6-2023;
  • Información encontrada: (Abellán García, Antonio, 1966-)